Les artistes de Hybe Corporation - Statistiques

Statistiques générales
  • Ce quiz a été pris 66 fois
  • Le résultat moyen est 5 sur 13
Statistiques - réponses
Artistes % Correct
BTS
100%
Enhypen
82%
Seventeen
80%
Fromis_9
55%
Tomorrow x Together
48%
GFriend
41%
NU'EST
34%
Zico
18%
Glam
14%
After School
13%
Lee Hyun
13%
Dvwn
9%
Fanxy Child
7%
Aucun quiz correspondant
Distribution des résultats
% des personnes avec chaque résultat
Percentile par nombre de réponses
Votre historique - résultats
Vous n’avez pas pris ce quiz